Responses for Show #8015 - Friday, June 14, 2019

Contestants

[<< previous game]

Becky Reisig, a document management system administrator from Fort Collins, Colorado

Eric Larson, an executive producer at an events agency from Long Beach, California

E.J. Wolborsky, a freelance project manager from Brooklyn, New York (whose 2-day cash winnings total $54,201)

[next game >>]

Jeopardy! Round responses

DADS & DAUGHTERS
(Alex: And this is in honor of Father's Day, which is coming up, and we're gonna need both the first and last name in each correct response in this category.)
2-LETTER WORDS
REMEMBER THE 1990s?
(Alex: Some of us do.)
MEERKAT MANNERS
"O" IS FOR OPERA
BIG TOP JOBS
    $200 5
Billy Ray Cyrus

Becky
    $200 22
lo

Eric
    $200 3
Monica Lewinsky

E.J.
    $200 2
Ophelia

Becky
    $200 28
acrobat

E.J.
    $400 6
Liv Tyler

Becky
    $400 23
(Alex: Less than a minute now.)

eh

Eric
    $400 4
George

Becky
    $400 29
[The end-of-round signal sounds.]

Timon

Becky
    $1,000 12
Orpheus

Eric
    $400 27
(E.J.: What are elephants?)

clowns

E.J.Becky
    $600 7
Rashida Jones

E.J.
    $600 24
ox

Eric
    $600 16
Gianni Versace

E.J.
    $600 20
sentinel

Eric
    $600 13
the overture

Eric
    $600 1
a barker

Eric
    $800 8
Bryce Dallas Howard

Becky
    $800 25
me

E.J.
    $800 17
Mir

Eric
    $800 19
(Becky: What is the Namib Desert?)

the Kalahari

E.J.Becky
    $800 14
(E.J.: Who is Orion?)
(Becky: Who is Oedipus?)

Orestes

E.J.Becky
Triple Stumper
    $800 10
(Eric: What is stand between them?)
(E.J.: What is joust?)

jump from one horse to the other

E.J.Eric
Triple Stumper
    $1000 9
Zoƫ Kravitz

E.J.
    $1000 26
ja

E.J.
    $1000 18
(Becky: What is "Tamatogotchi"?)
...
(Alex: [*]. You put one syllable too many in there, unfortunately.)

Tamagotchi

E.J.Becky
    $1000 21
a jackal

Becky
    $1000 15
Offenbach

E.J.
    $1000 11
sword swallowing

Eric

Scores at the first commercial break (after clue 15):

E.J. Eric Becky
$1,200 $2,400 $1,200

Scores at the end of the Jeopardy! Round:

E.J. Eric Becky
$5,200 $5,000 $1,200

Double Jeopardy! Round responses

TRUTH OR DARE
N.Y. TV
TRIPLE-A RATED
(Alex: Each correct response will have three A's in it.)
COMMUNICATION
IN & AROUND ASIA
ANOTHER ONE BITES THE DUST JACKET
(Alex: All of the books deal with the subject of death.)
    $400 9
(Becky: Who is Nietzsche?)

Frederick Douglass

EricBecky
    $400 14
Law & Order

E.J.
    $400 23
(Alex: Less than a minute now.)

mascara

Eric
    $400 1
(E.J.: What is Ulysses?)

Finnegan's Wake

E.J.Becky
    $800 10
(Eric: What is Virginia?)

North Carolina

E.J.Eric
    $800 15
Andy Samberg

Eric
    $800 22
papaya

E.J.
    $800 27
a BlackBerry

E.J.
    $800 28
(Eric: What's the Indian Ocean?)
...
[The end-of-round signal sounds.]

Pacific

Eric
Triple Stumper
    $800 2
(E.J.: What is a horse?)
(Alex: Be more specific.)
(E.J.: What is a stallion?)
(Alex: No.)
...
(Alex: What is a [*]? "The Red [*].)

pony

E.J.
Triple Stumper
    $1200 11
the Apocalypse

Eric
    $1200 16
(Becky: What is Mad Men?)

Jon Hamm

EricBecky
    $1200 19
paralegal

Eric
    $3,000 24
(Eric: What is...public speaking?)

sign language

Eric
    $3,000 7
(E.J.: What is...)
(Alex: Say something.)
(E.J.: Ho Chi Minh City?)
(Alex: No, what is [*]?)
(E.J.: That was my other guess.)

Phnom Penh

E.J.
    $1200 3
(E.J.: What is, uh, uh...Winter's Bone? No.)
(Alex: Oh, no. Darn.)

The Lovely Bones

E.J.
Triple Stumper
    $1600 12
(E.J.: What is the bus?)

streetcars

E.J.
Triple Stumper
    $1600 17
The Deuce

E.J.
    $1600 20
Sabbatical

E.J.
    $1600 25
propaganda

E.J.
    $1600 6
Mumbai

E.J.
    $1600 4
Ivan Ilyich

E.J.
    $2000 13
Sir Walter Raleigh

Becky
    $2000 18
Russian Doll

E.J.
    $2000 21
extravagant

Triple Stumper
    $2000 26
Skype

E.J.
    $2000 8
Kazakhstan

Becky
    $2000 5
As I Lay Dying

Triple Stumper

Scores at the end of the Double Jeopardy! Round:

E.J. Eric Becky
$13,000 $5,600 $4,000
(lock game)

[wagering suggestions for these scores]

Final Jeopardy! Round responses

MEDICAL NEWS 2018
(Alex: This is one of those moments when you wish, as a challenger, that you hadn't made a couple of mistakes, and the game hadn't turned into a runaway.)
BeckyWhat is polio
$3,050
EricWhat is smallpox?
$2,401
E.J.What is polio?
$501
smallpox

Final scores:

E.J. Eric Becky
$12,499 $8,001 $950
3-day champion: $66,700 2nd place: $2,000 3rd place: $1,000

Game dynamics:

Coryat scores:

E.J. Eric Becky
$16,000 $8,000 $4,000
21 R,
8 W
(including 1 DD)
15 R
(including 1 DD),
4 W
(including 1 DD)
11 R,
5 W

Combined Coryat: $28,000

[game clues] [game scores] [suggest correction]

Game tape date: 2019-03-13
The J! Archive is created by fans, for fans. Scraping, republication, monetization, and malicious use prohibited; this site may use cookies and collect identifying information. See terms. The Jeopardy! game show and all elements thereof, including but not limited to copyright and trademark thereto, are the property of Jeopardy Productions, Inc. and are protected under law. This website is not affiliated with, sponsored by, or operated by Jeopardy Productions, Inc. Join the discussion at JBoard.tv.